Sports Quiz

Random Sports or NFL Quiz

NFL Starting QBs (Kansas City Chiefs) Quiz Stats

 Plays Quiz Updated Jan 5, 2018

Challenge
Share
Tweet
Embed
Score 0/14 Timer 04:00
0 Plays Today
Starts Player % Correct
76Alex Smith
97.5%
47Matt Cassel
77.5%
88Trent Green
77.4%
1Patrick Mahomes
64.9%
31Elvis Grbac
48.6%
11Tyler Thigpen
36.8%
10Brodie Croyle
36.4%
Starts Player % Correct
2Chase Daniel
34.1%
1Nick Foles
34.1%
21Damon Huard
33.2%
8Brady Quinn
29.9%
3Kyle Orton
23.7%
1Warren Moon
17%
4Tyler Palko
15.2%

You're not logged in!

Compare scores with friends on all Sporcle quizzes.
Join for Free
OR
Log In

You Might Also Like...

Show Comments

Extras

Top Quizzes Today


Score Distribution

Your Account Isn't Verified!

In order to create a playlist on Sporcle, you need to verify the email address you used during registration. Go to your Sporcle Settings to finish the process.

Report this User

Report this user for behavior that violates our Community Guidelines.

Details: